Sanatorios para tuberculosos : (Record no. 166885)

MARC details
000 -LEADER
campo de control de longitud fija 00743nam a22001575i 4500
001 - NÚMERO DE CONTROL
campo de control 166885
003 - IDENTIFICADOR DE NÚMERO DE CONTROL
campo de control ES-MaACL
005 - FECHA Y HORA DE LA ÚLTIMA TRANSACCIÓN
campo de control 20230906213424.0
008 - DATOS DE LONGITUD FIJA--INFORMACIÓN GENERAL
campo de control de longitud fija 020904s1896 sp |||| | spa d
100 1# - ENTRADA PRINCIPAL--NOMBRE DE PERSONA
Nombre de persona Valenzuela, Francisco,
Títulos y otros términos asociados al nombre Doctor.
9 (RLIN) 173502
245 10 - MENCIÓN DEL TÍTULO
Título Sanatorios para tuberculosos :
Resto del título base científica de la secuestración de los tuberculosos en estos establecimientos en su doble fin de su tratamiento higiénico y de la defensa de la humanidad /
Mención de responsabilidad, etc. por el doctor Valenzuela.
260 ## - PUBLICACIÓN, DISTRIBUCIÓN, ETC.
Lugar de publicación, distribución, etc. Madrid :
Nombre del editor, distribuidor, etc. [s.n.],
Fecha de publicación, distribución, etc. 1896 (
Fabricante Viuda e hijos de la Riva)
300 ## - DESCRIPCIÓN FÍSICA
Extensión 71 p. ;
Dimensiones 20 cm.
650 #4 - PUNTO DE ACCESO ADICIONAL DE MATERIA--TÉRMINO DE MATERIA
Término de materia o nombre geográfico como elemento de entrada Hospitales para tuberculosos.
9 (RLIN) 170344
852 ## - LOCALIZACIÓN
Ubicación ES-MaACL
Número de control de estantería T-857-F-4
Nota libre - Enc. hol., conservando cub. original
-- - Enc. en un vol. facticio
Holdings
Estatus retirado Estado de pérdida Estado de daño No para préstamo Colección Biblioteca de origen Biblioteca actual Ubicación en estantería Fecha de adquisición Total de préstamos Signatura topográfica completa Código de barras Visto por última vez Precio de reemplazo Tipo de ítem Koha
        Colección de folletos Biblioteca del Ateneo de Madrid Biblioteca del Ateneo de Madrid Depósito folletos 17/01/2008   T-857-F-4 1175055 23/02/2023 23/02/2023 Folleto